| 000 -LEADER |
| fixed length control field |
00960nam a22002297a 4500 |
| 003 - CONTROL NUMBER IDENTIFIER |
| control field |
OSt |
| 005 - DATE AND TIME OF LATEST TRANSACTION |
| control field |
20260128093937.0 |
| 008 - FIXED-LENGTH DATA ELEMENTS--GENERAL INFORMATION |
| fixed length control field |
230612b ||||| |||| 00| 0 eng d |
| 040 ## - CATALOGING SOURCE |
| Transcribing agency |
SSBUL |
| 041 ## - LANGUAGE CODE |
| Language code of text/sound track or separate title |
Shan |
| 082 ## - DEWEY DECIMAL CLASSIFICATION NUMBER |
| Edition number |
23 |
| Classification number |
896.919 |
| 100 0# - MAIN ENTRY--PERSONAL NAME |
| Personal name |
ၼၼ်ႇတိယ(ပၢင်လူင်)၊ |
| Titles and words associated with a name |
ၸဝ်ႈ။ |
| 245 10 - TITLE STATEMENT |
| Title |
ၶူးလၢႆးတႅမ်ႈ - ႁေႃးလိၵ်ႈလင်ႇၵႃႇ၊ ၵႂၢမ်း၊ ပိၼ်ႇၽႃႇသႃႇလိၵ်ႈမၢၼ်ႈ / |
| Statement of responsibility, etc. |
ၸဝ်ႈၼၼ်ႇတိယ(ပၢင်လူင်)။ |
| 260 ## - PUBLICATION, DISTRIBUTION, ETC. |
| Date of publication, distribution, etc. |
2012 ။ |
| 300 ## - PHYSICAL DESCRIPTION |
| Extent |
L, 188 ၼႃႈ၊ |
| Other physical details |
ပႃးလွၵ်း၊ |
| Dimensions |
21 ၸိၼ်ႇတီႇ။ |
| 500 ## - GENERAL NOTE |
| General note |
S-SAT: Dr. Prof Sai Aung Tun |
| 504 ## - BIBLIOGRAPHY, ETC. NOTE |
| Bibliography, etc. note |
ပႃးၽိုၼ်ဢိင် |
| 650 ## - SUBJECT ADDED ENTRY--TOPICAL TERM |
| Topical term or geographic name entry element |
လၢႆးတႅမ်ႈလိၵ်ႈ - လိၵ်ႈလၢႆးတႆး |
| 942 ## - ADDED ENTRY ELEMENTS (KOHA) |
| Koha item type |
Books (Long term) |
| 100 0# - MAIN ENTRY--PERSONAL NAME |
| 9 (RLIN) |
24566 |
| 650 ## - SUBJECT ADDED ENTRY--TOPICAL TERM |
| 9 (RLIN) |
25758 |
|
| Source of classification or shelving scheme |
|
|
| Source of classification or shelving scheme |
|